| 000 | 00805nam a2200229Ia 4500 | ||
|---|---|---|---|
| 001 | 4399 | ||
| 003 | GE_BSU | ||
| 008 | 181216s||||||||xx |||||||||||||| ||und|| | ||
| 040 | _cGE_BSU | ||
| 080 | _a532+628.1(075.8) | ||
| 100 | _aКалицун,В.И. Кедров,В.С. Ласков,Ю.М. Сафонов,П.В. | ||
| 245 | _aОсновы гидравлики, водоснабжения и канализации. | ||
| 245 | _cРед. А.Х. Канеев. | ||
| 250 | _aИзд. 2-е, перераб. и доп. | ||
| 260 | _aМ. | ||
| 260 | _bСтроительства. | ||
| 260 | _c1972. | ||
| 300 | _a381 стр. 24 см. 293 библиогр. | ||
| 300 | _e66 табл. | ||
| 653 | _aОсновы гидравлики, водоснабжения и канализации. | ||
| 942 | _cBK | ||
| 999 |
_c38389 _d38389 |
||